000 00328nam a22001577a 4500
003 SGT
020 _a9789394102545
082 _a618.1
_bG25S
100 _aSHARMA, J.B.
245 _aTB. OF GYNECOLOGY
250 _a2ND
260 _aINDIA
_bARYA PUB
_c2025
300 _a864
650 _aOBST. & GYNE
942 _2ddc
_cBK
999 _c30660
_d30660